000 01163nam a2200241Ia 4500
003 Ost
005 20260507075227.0
008 260507s9999||||xx |||||||||||||| ||und||
020 _a2235019957
040 _cfsecg
041 _aara
082 _a330
100 _aعبد ربه، رائد محمد
_eمؤلف
245 0 _aالمراجعة الداخلية /
_c رائد محمد عبد ربه
260 _aعمان:
_bدار الجنادرية,
_c2009
300 _a354 صفحة؛
_bإيضاحات ؛
_c24 سم
504 _aمراجع ص.343
520 _aأساسيات الرقابة و المراجعة الداخلية ، فعالية و أشطة المراجعة الداخلية ، إدارة وظيفة المراجعة الداخلية ، المراجعة التشغيلية ،المراجعة الداخلية في بيئة الحاسب ، دور المراجع في المخالفات و الغش ، علاقات المراجع الداخلي بالجوانب السلوكية و الممارسات العلمية.
653 _aالرقابة
653 _aالمراجعة
653 _aتدقيق الحسابات
942 _cكتاب
999 _c43542
_d43542